Alcoholic fermentation (Record no. 395735)

MARC details
000 -LEADER
fixed length control field 00492 a2200193 4500
005 - DATE & TIME
control field 20260204145327.0
008 - FIXED-LENGTH DATA ELEMENTS--GENERAL INFORMATION
fixed length control field 260204b |||||||| |||| 00| 0 eng d
020 ## - ISBN
International Standard Book Number 9789384533816
Price Rs. 1895.00
040 ## - CATALOGING SOURCE
Original cataloging agency VIVEKANANDA LIBRARY
082 ## - DDC NUMBER
Classification number 577.213
Book Number N566A
100 ## - MAIN ENTRY--PERSONAL NAME
Personal name Nigiaa, Bailly
245 ## - TITLE STATEMENT
Title Alcoholic fermentation
260 ## - PUBLICATION, DISTRIBUTION, ETC. (IMPRINT)
Name of publisher, distributor, etc Amiga Press
Date of publication, distribution, etc 2021
Place of publication, distribution, etc Delhi
300 ## - PHYSICAL DESCRIPTION
Pages viii, 254
650 ## - Subject
Subject Microbiology
650 ## - Subject
Subject Microooganisms
650 ## - Subject
Subject Fermentation Processes
942 ## - ADDED ENTRY ELEMENTS (KOHA)
Koha item type Books
Holdings
Withdrawn status Lost status Source of classification or shelving scheme Damaged status Not for loan Location (home branch) Sublocation or collection (holding branch) Shelving location Date acquired Koha issues (times borrowed) Koha full call number Accession No. Koha date last seen Koha item type
    Dewey Decimal Classification     VIVEKANANDA LIBRARY VIVEKANANDA LIBRARY Vivekananda Library 06/01/2026   577.213 N566A 444093 06/01/2026 Bound Volumes
© Designed and Maintained by Vivekananda Library, MDU Rohtak